000
00314nam a2200133Ia 4500
005
20260328101447.0
008
260328s9999||||xx |||||||||||||| ||und||
100
_a
Glusberg, Jorge
245
0
_a
Miguel Angel Roca /
_c
Jorge Glusberg
260
_b
Academy
300
_a
160 p.
650
_a
ARQUITECTOS
942
_c
BK
999
_c
8497
_d
8497